[Event "CAN-ch U14"]
[Site "Sault Ste Marie"]
[Date "2017.07.09"]
[Round "6.37"]
[White "Wang, Kaixin"]
[Black "Mirabelli, Aidan"]
[Result "1/2-1/2"]
[WhiteElo "1957"]
[BlackElo "1453"]
[PlyCount "55"]
[EventDate "2017.07.06"]
[EventType "swiss"]
[EventRounds "7"]
[EventCountry "CAN"]
[SourceTitle "EXT 2022"]
[Source "ChessBase"]
[SourceDate "2021.10.06"]
[SourceVersion "1"]
[SourceVersionDate "2021.10.06"]
[SourceQuality "1"]

1. e4 c5 2. c3 Nf6 3. e5 Nd5 4. Nf3 d6 5. d4 cxd4 6. exd6 e6 7. cxd4 Bxd6 8. Nc3 Nxc3 9. bxc3 Nc6 10. Bd3 Qc7 11. 0-0 0-0 12. Bxh7+ Kh8 13. Bd3 f5 14. h3 g6 15. Re1 e5 16. Bb5 e4 17. Bxc6 Qxc6 18. Nh4 Be7 19. d5 Qa6 20. g3 Bxh4 21. gxh4 Bd7 22. Qd2 Rf7 23. Bb2 Kh7 24. a4 Re8 25. Qd4 f4 26. Rxe4 Rxe4 27. Qxe4 Qf6 28. Rd1 1/2-1/2

[Event "CAN-ch U14"]
[Site "Sault Ste Marie"]
[Date "2017.07.07"]
[Round "4.34"]
[White "Wang, Kaixin"]
[Black "Papneja, Arul"]
[Result "0-1"]
[WhiteElo "1957"]
[BlackElo "1682"]
[PlyCount "94"]
[EventDate "2017.07.06"]
[EventType "swiss"]
[EventRounds "7"]
[EventCountry "CAN"]
[SourceTitle "EXT 2022"]
[Source "ChessBase"]
[SourceDate "2021.10.06"]
[SourceVersion "1"]
[SourceVersionDate "2021.10.06"]
[SourceQuality "1"]

1. e4 c5 2. Nf3 d6 3. d4 cxd4 4. Nxd4 Nf6 5. Nc3 a6 6. Bg5 e6 7. f4 Be7 8. Qf3 h6 9. Bh4 Qc7 10. 0-0-0 Nbd7 11. g4 g5 12. fxg5 Ne5 13. Qf4 Nfxg4 14. Kb1 Qd8 15. Nf3 Nxf3 16. Qxf3 Ne5 17. Qe2 hxg5 18. Bg3 Qc7 19. Bg2 b5 20. a3 Bb7 21. h3 Rc8 22. Na2 Nc4 23. e5 Bxg2 24. exd6 Bxd6 25. Bxd6 Nxd6 26. Qxg2 Qe7 27. Nb4 a5 28. Nc6 Qc7 29. Nxa5 Nf5 30. Qd2 Ng3 31. Rh2 Rd8 32. Qxd8+ Qxd8 33. Rxd8+ Kxd8 34. Nc6+ Kc7 35. Nd4 Kb6 36. Kc1 g4 37. h4 e5 38. Ne2 Ne4 39. Nc3 Nxc3 40. bxc3 f5 41. Kd2 g3 42. Re2 Rg8 43. Rg2 f4 44. Ke2 Rf8 45. Kf3 e4+ 46. Kxe4 f3 47. Rxg3 f2 0-1

[Event "CAN-ch U14"]
[Site "Sault Ste Marie"]
[Date "2017.07.06"]
[Round "1.37"]
[White "Wang, Kaixin"]
[Black "Sher, Oleg"]
[Result "1-0"]
[WhiteElo "1957"]
[BlackElo "1022"]
[PlyCount "51"]
[EventDate "2017.07.06"]
[EventType "swiss"]
[EventRounds "7"]
[EventCountry "CAN"]
[SourceTitle "EXT 2022"]
[Source "ChessBase"]
[SourceDate "2021.10.06"]
[SourceVersion "1"]
[SourceVersionDate "2021.10.06"]
[SourceQuality "1"]

1. e4 d6 2. d4 Nf6 3. Bd3 e5 4. c3 g6 5. Nf3 Bg4 6. Nbd2 Bg7 7. Qb3 Qe7 8. Qxb7 0-0 9. Qxa8 c6 10. 0-0 Qc7 11. d5 Na6 12. Qxc6 Qxc6 13. dxc6 Nc5 14. Bc2 Rc8 15. b4 Ne6 16. b5 Nf4 17. Re1 h5 18. Nc4 Bf8 19. Bxf4 exf4 20. e5 dxe5 21. Nfxe5 Nd5 22. Nxg4 hxg4 23. Rad1 Nxc3 24. Rd7 Nxb5 25. Ne5 f6 26. Nxg4 1-0

[Event "Edmonton op qual 12th"]
[Site "Edmonton"]
[Date "2017.04.30"]
[Round "5"]
[White "Wang, Kaixin"]
[Black "Gueverra, Alvin"]
[Result "1/2-1/2"]
[WhiteElo "1792"]
[BlackElo "1870"]
[PlyCount "55"]
[EventDate "2017.04.29"]
[EventType "swiss"]
[EventRounds "5"]
[EventCountry "CAN"]
[SourceTitle "EXT 2019"]
[Source "ChessBase"]
[SourceDate "2018.10.10"]
[SourceVersion "1"]
[SourceVersionDate "2018.10.10"]
[SourceQuality "1"]

1. e4 d6 2. d4 Nf6 3. Bd3 g6 4. Nf3 Bg7 5. 0-0 0-0 6. Bf4 Bg4 7. h3 Bxf3 8. Qxf3 Nc6 9. c3 e5 10. dxe5 Nxe5 11. Bxe5 dxe5 12. Rd1 Qe7 13. Na3 Rad8 14. Qe3 a6 15. Be2 Rxd1+ 16. Rxd1 Rd8 17. Rd3 Ne8 18. Nc4 b5 19. Na5 Rxd3 20. Bxd3 Qd7 21. Nb3 Bh6 22. Qe2 Qd6 23. c4 c6 24. cxb5 cxb5 25. Qc2 Nc7 26. Be2 Bf8 27. Bg4 Ne6 28. Qd2 1/2-1/2

[Event "Edmonton op qual 12th"]
[Site "Edmonton"]
[Date "2017.04.29"]
[Round "3"]
[White "Ludwig, Michael1111"]
[Black "Wang, Kaixin"]
[Result "1-0"]
[WhiteElo "1902"]
[BlackElo "1792"]
[PlyCount "33"]
[EventDate "2017.04.29"]
[EventType "swiss"]
[EventRounds "5"]
[EventCountry "CAN"]
[SourceTitle "EXT 2019"]
[Source "ChessBase"]
[SourceDate "2018.10.10"]
[SourceVersion "1"]
[SourceVersionDate "2018.10.10"]
[SourceQuality "1"]

1. c4 c6 2. Nf3 Nf6 3. b3 d5 4. cxd5 cxd5 5. e3 Nc6 6. Bb2 Bf5 7. Nh4 Bg4 8. Be2 Bxe2 9. Qxe2 e5 10. Nf3 Bd6 11. 0-0 0-0 12. d3 a6 13. Nbd2 Qc7 14. e4 d4 15. Nc4 Be7 16. Rac1 b5 17. Ncxe5 1-0

[Event "Edmonton op qual 12th"]
[Site "Edmonton"]
[Date "2017.04.29"]
[Round "1"]
[White "Wang, Kaixin"]
[Black "Chao, Lucy"]
[Result "1-0"]
[WhiteElo "1792"]
[BlackElo "1276"]
[PlyCount "95"]
[EventDate "2017.04.29"]
[EventType "swiss"]
[EventRounds "5"]
[EventCountry "CAN"]
[SourceTitle "EXT 2019"]
[Source "ChessBase"]
[SourceDate "2018.10.10"]
[SourceVersion "1"]
[SourceVersionDate "2018.10.10"]
[SourceQuality "1"]

1. e4 c5 2. c3 Nf6 3. e5 Nd5 4. Bc4 e6 5. d4 cxd4 6. cxd4 Bb4+ 7. Bd2 Qb6 8. Nf3 Nc6 9. Bxd5 exd5 10. Bxb4 Qxb4+ 11. Qd2 d6 12. Nc3 Be6 13. a3 Qa5 14. exd6 0-0 15. 0-0 Rad8 16. b4 Qb6 17. Na4 Qb5 18. Nc5 Rxd6 19. Qf4 Rdd8 20. Nxe6 fxe6 21. Qg4 Rde8 22. Ng5 Nd8 23. Rae1 Qd7 24. Re2 Qe7 25. Rfe1 Qf6 26. f3 Qf4 27. Qxf4 Rxf4 28. Nxe6 Nxe6 29. Rxe6 Rxe6 30. Rxe6 Kf7 31. Rd6 Rxd4 32. Rd7+ Kf8 33. Rxb7 a5 34. b5 Ra4 35. Rd7 Rxa3 36. b6 Ke8 37. b7 Kxd7 38. b8Q Kc6 39. Qe8+ Kb6 40. Qe6+ Kb5 41. Qxd5+ Kb4 42. Qd4+ Kb3 43. Qxg7 a4 44. f4 Kc4 45. f5 Rd3 46. Qa1 a3 47. f6 Kb3 48. Qf1 1-0

[Event "Alberta-ch U20"]
[Site "Edmonton"]
[Date "2016.11.19"]
[Round "3"]
[White "Shi, Diwen"]
[Black "Wang, Kaixin"]
[Result "1-0"]
[WhiteElo "2293"]
[BlackElo "1726"]
[PlyCount "139"]
[EventDate "2016.11.19"]
[EventType "tourn"]
[EventRounds "5"]
[EventCountry "CAN"]
[SourceTitle "EXT 2019"]
[Source "ChessBase"]
[SourceDate "2018.10.10"]
[SourceVersion "1"]
[SourceVersionDate "2018.10.10"]
[SourceQuality "1"]

1. e4 c5 2. Nc3 Nc6 3. f4 d6 4. Nf3 Nf6 5. Bb5 Bg4 6. h3 Bxf3 7. Qxf3 e5 8. fxe5 dxe5 9. Bxc6+ bxc6 10. d3 Bd6 11. 0-0 0-0 12. Nd1 Ne8 13. Ne3 f6 14. Nc4 Nc7 15. Qg4 Qe7 16. Na5 Qe8 17. Nc4 Qe7 18. Be3 Ne6 19. Rf2 Kh8 20. c3 Rae8 21. Raf1 Bc7 22. g3 Rd8 23. Rd1 Rd7 24. Kg2 Rfd8 25. Rfd2 Qe8 26. Qf5 Qe7 27. Qf3 Kg8 28. Qe2 Kh8 29. Rf1 Kg8 30. Kf2 Kh8 31. Ke1 Qe8 32. Kd1 Qg6 33. g4 Qe8 34. Kc2 Qe7 35. Qf2 Kg8 36. Qg1 Rf8 37. h4 a6 38. g5 fxg5 39. Rxf8+ Qxf8 40. hxg5 g6 41. Qg4 Qe8 42. Rf2 Rf7 43. Rd2 Kh8 44. Qg3 Kg8 45. Qg1 Qe7 46. Rh2 Qf8 47. Rd2 Qe7 48. a3 a5 49. Rg2 Nf4 50. Bxc5 Qd8 51. Rd2 Nh3 52. Qg4 Nxg5 53. Rf2 Rxf2+ 54. Bxf2 Qf8 55. Bg3 Nf7 56. Qd7 Qd8 57. Qxc6 Kg7 58. b4 axb4 59. axb4 h5 60. b5 Bb8 61. Qb7 Kg8 62. d4 Qe8 63. Bxe5 Nxe5 64. Nxe5 h4 65. Nd7 Qd8 66. e5 Bc7 67. Nf6+ Kf8 68. Nh7+ Kg8 69. Nf6+ Kh8 70. b6 1-0

[Event "Alberta O1800"]
[Site "Edmonton"]
[Date "2016.08.27"]
[Round "3"]
[White "Wang, Kaixin"]
[Black "Yao, David"]
[Result "1/2-1/2"]
[WhiteElo "1749"]
[BlackElo "1649"]
[PlyCount "38"]
[EventDate "2016.08.27"]
[EventType "swiss"]
[EventRounds "5"]
[EventCountry "CAN"]
[SourceTitle "EXT 2017"]
[Source "ChessBase"]
[SourceDate "2016.10.25"]
[SourceVersion "1"]
[SourceVersionDate "2016.10.25"]
[SourceQuality "1"]

1. e4 d6 2. d4 Nf6 3. Nc3 Nbd7 4. Nf3 g6 5. Bc4 e6 6. 0-0 Bg7 7. e5 dxe5 8. dxe5 Ng8 9. Bg5 Ne7 10. Ne4 Nxe5 11. Qxd8+ Kxd8 12. Rad1+ Nd7 13. Bf6 Bxf6 14. Nxf6 Nf5 15. Nxd7 Bxd7 16. Ne5 Nd6 17. Rxd6 cxd6 18. Nxf7+ Ke7 19. Nxh8 Rxh8 1/2-1/2

[Event "Edmonton op 11th"]
[Site "Edmonton"]
[Date "2016.06.25"]
[Round "2"]
[White "Koperski, Dustin"]
[Black "Wang, Kaixin"]
[Result "0-1"]
[WhiteElo "1694"]
[BlackElo "1740"]
[PlyCount "80"]
[EventDate "2016.06.24"]
[EventType "swiss"]
[EventRounds "5"]
[EventCountry "CAN"]
[SourceTitle "EXT 2017"]
[Source "ChessBase"]
[SourceDate "2016.10.25"]
[SourceVersion "1"]
[SourceVersionDate "2016.10.25"]
[SourceQuality "1"]

1. e4 c5 2. d4 cxd4 3. c3 d3 4. Bxd3 Nc6 5. c4 e5 6. Nf3 Bc5 7. Nc3 Nge7 8. 0-0 0-0 9. Qe2 d6 10. h3 f6 11. Be3 b6 12. Rac1 Be6 13. b3 Qd7 14. Rfd1 Rad8 15. Bb1 f5 16. Bxc5 bxc5 17. Ng5 f4 18. Nb5 Nc8 19. Bd3 h6 20. Nxe6 Qxe6 21. Qg4 Qf7 22. Be2 a6 23. Nc3 Nd4 24. Rd3 Nb6 25. Bf3 Qe7 26. Ne2 Ne6 27. Rcd1 Rf6 28. Nc3 Kh7 29. h4 g5 30. h5 Nd4 31. a4 a5 32. Nb5 Rdf8 33. Nxd4 exd4 34. Re1 Nd7 35. Qh3 Ne5 36. Rdd1 Kh8 37. Bg4 f3 38. g3 Qg7 39. Rd2 Rf4 40. Rdd1 Rxg4 0-1

[Event "Edmonton op qual 11th"]
[Site "Edmonton"]
[Date "2016.05.01"]
[Round "5"]
[White "Wang, Kaixin"]
[Black "Karmali, Hafiz"]
[Result "0-1"]
[WhiteElo "1753"]
[BlackElo "1931"]
[PlyCount "70"]
[EventDate "2016.04.30"]
[EventType "swiss"]
[EventRounds "5"]
[EventCountry "CAN"]
[SourceTitle "EXT 2017"]
[Source "ChessBase"]
[SourceDate "2016.10.25"]
[SourceVersion "1"]
[SourceVersionDate "2016.10.25"]
[SourceQuality "1"]

1. Nf3 f5 2. d4 Nf6 3. c4 e6 4. Nc3 d5 5. Bf4 Bd6 6. Bxd6 Qxd6 7. Ne5 c5 8. e3 cxd4 9. exd4 Nc6 10. c5 Qe7 11. f4 0-0 12. Be2 Ne4 13. 0-0 Rf6 14. Nf3 Rh6 15. a3 Bd7 16. Nxe4 fxe4 17. Ne5 Rf8 18. Rc1 Be8 19. Rc3 a5 20. b3 Kh8 21. Kh1 Rhf6 22. Nxc6 bxc6 23. g3 g5 24. fxg5 Rxf1+ 25. Bxf1 Qxg5 26. Bg2 Bh5 27. Qe1 Qf6 28. Qd2 Bf3 29. Bxf3 exf3 30. Qf2 Qf5 31. Kg1 Qb1+ 32. Qf1 f2+ 33. Kg2 Qe4+ 34. Kh3 Rf6 35. g4 Qxd4 0-1

[Event "WBX-Tch"]
[Site "Edmonton"]
[Date "2014.12.13"]
[Round "3.1"]
[White "Wang, Kaixin"]
[Black "Zeggelaar, Mike"]
[Result "0-1"]
[WhiteElo "1814"]
[BlackElo "1924"]
[PlyCount "70"]
[EventDate "2014.12.13"]
[EventType "swiss"]
[EventRounds "5"]
[EventCountry "CAN"]
[SourceTitle "EXT 2022"]
[Source "ChessBase"]
[SourceDate "2021.10.06"]
[SourceVersion "1"]
[SourceVersionDate "2021.10.06"]
[SourceQuality "1"]

1. d4 Nf6 2. Nf3 g6 3. c4 Bg7 4. Nc3 0-0 5. e4 d6 6. Be2 e5 7. d5 Nbd7 8. b4 a5 9. bxa5 Nc5 10. Bg5 Rxa5 11. 0-0 h6 12. Bxf6 Qxf6 13. h3 Qe7 14. Nd2 f5 15. f3 f4 16. Nb3 Nxb3 17. axb3 Rxa1 18. Qxa1 Qg5 19. Kh1 Qh5 20. Rf2 Bf6 21. Bf1 g5 22. Kg1 Qf7 23. Ra2 h5 24. Be2 Qg7 25. Qd1 Qh6 26. Nb5 Bd8 27. Nc3 g4 28. fxg4 f3 29. Bd3 Qe3+ 30. Kh2 hxg4 31. hxg4 Qh6+ 32. Kg1 Qe3+ 33. Kh2 f2 34. Rc2 Qh6+ 35. Kg3 Qh4# 0-1

[Event "Alberta-ch U20"]
[Site "Edmonton"]
[Date "2014.11.22"]
[Round "1"]
[White "Wang, Kaixin"]
[Black "Shi, Diwen"]
[Result "0-1"]
[WhiteElo "1751"]
[BlackElo "2230"]
[PlyCount "72"]
[EventDate "2014.11.22"]
[EventType "tourn"]
[EventRounds "5"]
[EventCountry "CAN"]
[SourceTitle "EXT 2022"]
[Source "ChessBase"]
[SourceDate "2021.10.06"]
[SourceVersion "1"]
[SourceVersionDate "2021.10.06"]
[SourceQuality "1"]

1. d4 Nf6 2. c4 Nc6 3. Nf3 e6 4. Bg5 h6 5. Bxf6 Qxf6 6. Nc3 Bb4 7. e3 0-0 8. Bd3 b6 9. 0-0 Bxc3 10. bxc3 Na5 11. Nd2 Ba6 12. Qe2 Qe7 13. f4 Rae8 14. Rf3 f5 15. Rg3 Qa3 16. Rf1 Qxc3 17. Nb1 Qb4 18. Nd2 Rf7 19. Rb1 Qa4 20. Nf3 d6 21. Rc1 c5 22. dxc5 bxc5 23. e4 Bb7 24. e5 Bxf3 25. gxf3 Rd8 26. Rc2 dxe5 27. fxe5 Nc6 28. Rd2 Nd4 29. Qg2 Qa3 30. h4 f4 31. Rh3 Nc6 32. Qe2 Rfd7 33. Bh7+ Kxh7 34. Rxd7 Rxd7 35. Qe4+ Kh8 36. Qxf4 Rd1+ 0-1

[Event "Alberta-ch Reserves"]
[Site "Edmonton"]
[Date "2012.04.08"]
[Round "5"]
[White "Yao, David"]
[Black "Wang, Kaixin"]
[Result "0-1"]
[WhiteElo "1285"]
[BlackElo "1110"]
[PlyCount "60"]
[EventDate "2012.04.07"]
[EventType "swiss"]
[EventRounds "5"]
[EventCountry "CAN"]
[SourceTitle "EXT 2022"]
[Source "ChessBase"]
[SourceDate "2021.10.06"]
[SourceVersion "1"]
[SourceVersionDate "2021.10.06"]
[SourceQuality "1"]

1. e4 e6 2. d4 d5 3. e5 c5 4. c3 Nc6 5. Nf3 Qb6 6. a3 g6 7. Be3 Qxb2 8. Nbd2 Qxc3 9. Bb5 Nge7 10. dxc5 Bg7 11. Bd4 Qa5 12. Qb3 0-0 13. Bc3 Qc7 14. 0-0 a6 15. Bxc6 Nxc6 16. Rfe1 Rd8 17. Bb2 Qe7 18. Qc2 Bd7 19. Rad1 Rac8 20. Nb3 Na7 21. Rc1 Ba4 22. Re3 b6 23. Rc3 bxc5 24. Qe2 c4 25. Nbd4 Nb5 26. Nxb5 Bxb5 27. Rd1 Qa7 28. Qd2 d4 29. Nxd4 Bxe5 30. Rc2 Ba4 0-1

[Event "Alberta-ch Reserves"]
[Site "Edmonton"]
[Date "2012.04.07"]
[Round "2"]
[White "Frier, Ken"]
[Black "Wang, Kaixin"]
[Result "1/2-1/2"]
[WhiteElo "1484"]
[BlackElo "1110"]
[PlyCount "67"]
[EventDate "2012.04.07"]
[EventType "swiss"]
[EventRounds "5"]
[EventCountry "CAN"]
[SourceTitle "EXT 2022"]
[Source "ChessBase"]
[SourceDate "2021.10.06"]
[SourceVersion "1"]
[SourceVersionDate "2021.10.06"]
[SourceQuality "1"]

1. e4 e5 2. Nf3 Nc6 3. Bb5 Bc5 4. 0-0 Nge7 5. Re1 0-0 6. c3 d5 7. exd5 Qxd5 8. Qe2 Bg4 9. Bc4 Bxf3 10. Bxd5 Bxe2 11. Bxc6 Nxc6 12. Rxe2 Rad8 13. b3 f5 14. Ba3 Bxa3 15. Nxa3 f4 16. f3 Rd5 17. Rd1 Re8 18. d4 Red8 19. Nc2 exd4 20. Red2 d3 21. Ne1 Ne5 22. Kf2 g5 23. g3 b5 24. gxf4 gxf4 25. Ng2 Ng6 26. Ne1 Ne5 27. Ng2 Rf8 28. Ne1 Kg7 29. Nxd3 Rfd8 30. Ke2 Nxd3 31. Rxd3 Rxd3 32. Rxd3 Rxd3 33. Kxd3 Kg6 34. Ke4 1/2-1/2